000 00350nam a2200133 a 4500
005 20140414131855.0
008 100901s19uu xx 00 eng d
050 _aFIL
_bL11 2006
100 _aLee, Marcy Dans
245 _aLa-on and the seven-headed dragon.
260 _aManila, Philippines :
_bAdarna,
_c2006.
999 _c110436
_d110436